000 00551nam a2200157Ia 4500
008 081213s9999 xx 000 0 und d
050 _aDT30
_b.A21 1962
100 _aAbraham, W.E.
245 _aThe mind of Africa
_cW.E.Abraham
260 _c1962
_aChicago
_bThe University of Chicago
300 _a206 p.;
_c21cm
500 _aIncludes Index
650 _aAfrican -History
942 _cBK
_2lcc
999 _c24294
_d24294